Exploring gene expression regulation mechanisms in the context of human tissue development / (Record no. 234501)

MARC details
000 -LEADER
fixed length control field 00576nam a22001697a 4500
003 - CONTROL NUMBER IDENTIFIER
control field OSt
005 - DATE AND TIME OF LATEST TRANSACTION
control field 20250620095903.0
008 - FIXED-LENGTH DATA ELEMENTS--GENERAL INFORMATION
fixed length control field 250620b |||||||| |||| 00| 0 eng d
040 ## - CATALOGING SOURCE
Transcribing agency AIMIT LIBRARY
100 ## - MAIN ENTRY--PERSONAL NAME
Personal name Dhananjaya.
Relator term 221806
9 (RLIN) 215619
245 ## - TITLE STATEMENT
Title Exploring gene expression regulation mechanisms in the context of human tissue development /
Statement of responsibility, etc. By Dhananjaya.
260 ## - PUBLICATION, DISTRIBUTION, ETC.
Place of publication, distribution, etc. Mangalore
Date of publication, distribution, etc. 2024
700 ## - ADDED ENTRY--PERSONAL NAME
Personal name Varky, Shine P.
Relator term Mentor
9 (RLIN) 215620
700 ## - ADDED ENTRY--PERSONAL NAME
Personal name Acharya, Kshithish.
Relator term Guide
9 (RLIN) 215621
856 ## - ELECTRONIC LOCATION AND ACCESS
Materials specified Shodhaka Life Sciences.
Uniform Resource Identifier <a href="https://www.shodhaka.net">https://www.shodhaka.net</a>
942 ## - ADDED ENTRY ELEMENTS (KOHA)
Source of classification or shelving scheme Dewey Decimal Classification
Koha item type Project Report
Holdings
Withdrawn status Lost status Source of classification or shelving scheme Damaged status Not for loan Collection code Home library Current library Date acquired Total Checkouts Barcode Date last seen Copy number Uniform Resource Identifier Price effective from Koha item type
    Dewey Decimal Classification   Not for loan MSc Bioinformatics St Aloysius Institute of Management & Information Technology St Aloysius Institute of Management & Information Technology 08/01/2024   PBI00162 06/20/2025 221806 https://www.shodhaka.net/ 06/20/2025 Project Report